MARC details
| 000 -LEADER |
| campo de control de longitud fija |
01747nam a2200469 i 4500 |
| 001 - NÚMERO DE CONTROL |
| campo de control |
197580 |
| 003 - IDENTIFICADOR DE NÚMERO DE CONTROL |
| campo de control |
ES-MaACL |
| 005 - FECHA Y HORA DE LA ÚLTIMA TRANSACCIÓN |
| campo de control |
20250817115637.0 |
| 007 - CAMPO FIJO DE DESCRIPCIÓN FÍSICA--INFORMACIÓN GENERAL |
| campo de control de longitud fija |
ta |
| 008 - DATOS DE LONGITUD FIJA--INFORMACIÓN GENERAL |
| campo de control de longitud fija |
941215s1976 spca || 001 ||spa|c |
| 017 ## - NÚMERO DE COPYRIGHT O DE DEPÓSITO LEGAL |
| Número de copyright o de depósito legal |
B 53809-1976 |
| Agencia que asigna |
Oficina Depósito Legal Barcelona |
| 020 ## - NÚMERO INTERNACIONAL ESTÁNDAR DEL LIBRO |
| Número Internacional Estándar del Libro |
8427987609 |
| Información calificativa |
(cart.) |
| 035 ## - NÚMERO DE CONTROL DEL SISTEMA |
| Número de control de sistema |
(ES-BaCBU).b15677825 |
| 035 ## - NÚMERO DE CONTROL DEL SISTEMA |
| Número de control de sistema |
(OCoLC)889903160 |
| 035 ## - NÚMERO DE CONTROL DEL SISTEMA |
| Número de control de sistema |
991022260189706706 |
| 040 ## - FUENTE DE CATALOGACIÓN |
| Centro catalogador/agencia de origen |
ES-BaCBU |
| Lengua de catalogación |
cat |
| Centro/agencia transcriptor |
ES-BaCBU |
| 080 ## - NÚMERO DE LA CLASIFICACIÓN DECIMAL UNIVERSAL |
| Número de la Clasificación Decimal Universal |
75 |
| 080 ## - NÚMERO DE LA CLASIFICACIÓN DECIMAL UNIVERSAL |
| Número de la Clasificación Decimal Universal |
75.034.071 |
| 100 0# - ENTRADA PRINCIPAL--NOMBRE DE PERSONA |
| Nombre de persona |
Masaccio, |
| Fechas asociadas al nombre |
1401-1428. |
| Término indicativo de función/relación |
Ilustrador |
| 9 (RLIN) |
240921 |
| 245 13 - MENCIÓN DEL TÍTULO |
| Título |
La obra pictórica completa de Masaccio / |
| Mención de responsabilidad, etc. |
introducción de Paolo Volponi ; biografía y estudios críticos de Luciano Berti |
| 260 ## - PUBLICACIÓN, DISTRIBUCIÓN, ETC. |
| Lugar de publicación, distribución, etc. |
Barcelona ; |
| -- |
Madrid : |
| Nombre del editor, distribuidor, etc. |
Noguer, |
| Fecha de publicación, distribución, etc. |
1976 |
| 300 ## - DESCRIPCIÓN FÍSICA |
| Extensión |
103 p. : |
| Otras características físicas |
il. (algunes col.) ; |
| Dimensiones |
31 cm |
| 336 ## - TIPO DE CONTENIDO |
| Fuente |
rdacontent |
| Término de tipo de contenido |
texto |
| 337 ## - TIPO DE MEDIO |
| Fuente |
rdamedia |
| Nombre/término del tipo de medio |
sin mediación |
| 338 ## - TIPO DE SOPORTE |
| Fuente |
rdacarrier |
| Nombre/término del tipo de soporte |
volumen |
| 490 1# - MENCIÓN DE SERIE |
| Mención de serie |
Clásicos del arte ; |
| Designación de volumen o secuencia |
54 |
| 504 ## - NOTA DE BIBLIOGRAFÍA, ETC. |
| Nota de bibliografía, etc. |
Bibliografia. Cronologia. Índices |
| 600 07 - PUNTO DE ACCESO ADICIONAL DE MATERIA--NOMBRE DE PERSONA |
| Nombre de persona |
Masaccio, |
| Fechas asociadas al nombre |
1401-1428. |
| Fuente del encabezamiento o término |
lemac |
| 9 (RLIN) |
240921 |
| 650 04 - PUNTO DE ACCESO ADICIONAL DE MATERIA--TÉRMINO DE MATERIA |
| Término de materia o nombre geográfico como elemento de entrada |
Pintores- |
| Subdivisión geográfica |
Italia |
| 9 (RLIN) |
240922 |
| 700 1# - ENTRADA AGREGADA--NOMBRE PERSONAL |
| Nombre de persona |
Berti, Luciano. |
| Término indicativo de función/relación |
Autor |
| 9 (RLIN) |
240923 |
| 700 0# - ENTRADA AGREGADA--NOMBRE PERSONAL |
| Nombre de persona |
Volponi, Paolo |
| 9 (RLIN) |
115719 |
| Término indicativo de función/relación |
Autor de introducción |
| 700 1# - ENTRADA AGREGADA--NOMBRE PERSONAL |
| Nombre de persona |
Alcántara, Francisco José, |
| Fechas asociadas al nombre |
1922-1999 |
| Término indicativo de función/relación |
Traductor |
| 9 (RLIN) |
19493 |
| 740 0# - ENTRADA AGREGADA--TÍTULO RELACIONADO/ANALÍTICO NO CONTROLADO |
| Título relacionado o analítico no controlado |
Masaccio |
| 830 #0 - PUNTO DE ACCESO ADICIONAL DE SERIE-TÍTULO UNIFORME |
| Título uniforme |
Clásicos del arte ; |
| Designación de volumen o secuencia |
54 |
| 9 (RLIN) |
191252 |
| 852 ## - LOCALIZACIÓN |
| Ubicación |
ES-MaACL |
| Ubicación en estantería |
Depósito 1 |
| Número de control de estantería |
A-15679 |
| Donativo/Legado |
Donación: Fernando Codina Rodríguez |
| Encuadernación |
Encuadernación cartoné |
| itemnumber |
206037 |
| 903 ## - NOMBRE PERSONAL DE DONANTE |
| a |
Codina Rodríguez, Fernando |
| e |
Donante |
| 9 |
238631 |
| 942 ## - ELEMENTOS DE ENTRADA SECUNDARIOS (KOHA) |
| Suprimir en OPAC |
No |
| Tipo de ítem Koha |
Libro impreso |